[Event "43. Olimpiada Batumi 2018 Femenina"]
[Site "Batumi GEO"]
[Date "2018.10.03"]
[Round "9.3"]
[White "Maldonado Polo, Mariangeli"]
[Black "Wanjiru, Lucy"]
[Result "1/2-1/2"]
[WhiteElo "1274"]
[BlackElo "1475"]
[PlyCount "86"]
[EventDate "2018.09.24"]
[EventType "team-swiss"]
[EventRounds "11"]
[EventCountry "GEO"]
[SourceTitle "Ajedrez en Madrid"]
[Source "lmi"]
[SourceDate "2018.09.24"]
[WhiteTeam "Puerto Rico"]
[BlackTeam "Kenya"]
[WhiteTeamCountry "PUR"]
[BlackTeamCountry "KEN"]

1. e4 e6 2. d4 d5 3. exd5 exd5 4. Bd3 Bd6 5. Nf3 Ne7 6. O-O O-O 7. Nc3 c6 8. h3
f6 9. Ne2 Qc7 10. b3 Bf5 11. c4 Bxd3 12. Qxd3 dxc4 13. bxc4 Ng6 14. Ba3 Bxa3
15. Qxa3 Nd7 16. Qb3 Kh8 17. Ng3 Rae8 18. Rac1 Nb6 19. Rc3 Nf4 20. Re3 Rxe3 21.
fxe3 Nxh3+ 22. Kh2 g5 23. gxh3 h5 24. Kg2 g4 25. hxg4 Rg8 26. Rg1 Rxg4 27. Kf2
h4 28. Ne2 Rxg1 29. Nexg1 Qg3+ 30. Kf1 h3 31. Qc2 Nxc4 32. Qxc4 Qg2+ 33. Ke1 h2
34. Nxh2 Qxg1+ 35. Qf1 Qxh2 36. Qxf6+ Kg8 37. Qd8+ Kf7 38. Qd7+ Kf6 39. Qxb7
Qg3+ 40. Ke2 Qg4+ 41. Kd3 Qd1+ 42. Ke4 Qg4+ 43. Kd3 Qd1+ 1/2-1/2

[Event "43. Olimpiada Batumi 2018 Femenina"]
[Site "Batumi GEO"]
[Date "2018.10.03"]
[Round "9.4"]
[White "Mongeli, Sasha"]
[Black "Bengoa Feliciano, Katsi M"]
[Result "1-0"]
[WhiteElo "1499"]
[BlackElo "1274"]
[PlyCount "45"]
[EventDate "2018.09.24"]
[EventType "team-swiss"]
[EventRounds "11"]
[EventCountry "GEO"]
[SourceTitle "Ajedrez en Madrid"]
[Source "lmi"]
[SourceDate "2018.09.24"]
[WhiteTeam "Kenya"]
[BlackTeam "Puerto Rico"]
[WhiteTeamCountry "KEN"]
[BlackTeamCountry "PUR"]

1. e4 e5 2. Nf3 Nc6 3. d4 d6 4. dxe5 Nxe5 5. Nxe5 dxe5 6. Qxd8+ Kxd8 7. Bc4 Ke8
8. Be3 Nf6 9. f3 Bb4+ 10. c3 Ba5 11. Nd2 Ke7 12. Bc5+ Ke8 13. Bb3 Be6 14. Bxe6
fxe6 15. Nc4 Nd7 16. Bf2 Bb6 17. Bg3 Nc5 18. O-O-O Rd8 19. Rxd8+ Kxd8 20. Rd1+
Ke7 21. Bh4+ Kf7 22. Nxe5+ Ke8 23. Rd8# 1-0

[Event "43. Olimpiada Batumi 2018 Femenina"]
[Site "Batumi GEO"]
[Date "2018.10.03"]
[Round "9.1"]
[White "Saraci, Ndriqona"]
[Black "Gray, Krishna"]
[Result "0-1"]
[WhiteElo "1263"]
[BlackElo "1693"]
[PlyCount "64"]
[EventDate "2018.09.24"]
[EventType "team-swiss"]
[EventRounds "11"]
[EventCountry "GEO"]
[SourceTitle "Ajedrez en Madrid"]
[Source "lmi"]
[SourceDate "2018.09.24"]
[WhiteTeam "Kosovo"]
[BlackTeam "Jamaica"]
[WhiteTeamCountry "KOS"]
[BlackTeamCountry "JAM"]

1. e4 e6 2. Nf3 d5 3. exd5 exd5 4. d4 Nf6 5. Bd3 Bg4 6. Nbd2 Be7 7. O-O O-O 8.
Be2 Nc6 9. c3 Bd6 10. Re1 Re8 11. h3 Bf5 12. Nf1 Qd7 13. h4 h6 14. Bd3 Rxe1 15.
Nxe1 Bg4 16. Be2 Bxe2 17. Qxe2 Re8 18. Be3 Ne7 19. Qf3 Nf5 20. g3 Nxe3 21. Nxe3
Qb5 22. b3 c6 23. Nf5 Re6 24. Nxd6 Rxd6 25. Qd3 Qa5 26. f3 Re6 27. Kg2 Qc7 28.
g4 Qf4 29. Nc2 Nxg4 30. fxg4 Qxg4+ 31. Kf1 Qf4+ 32. Kg2 Rg6+ 0-1

[Event "43. Olimpiada Batumi 2018 Femenina"]
[Site "Batumi GEO"]
[Date "2018.10.03"]
[Round "9.2"]
[White "Barrett, Ariel"]
[Black "Saraci, Rinesa"]
[Result "1/2-1/2"]
[WhiteElo "1701"]
[BlackElo "1138"]
[PlyCount "156"]
[EventDate "2018.09.24"]
[EventType "team-swiss"]
[EventRounds "11"]
[EventCountry "GEO"]
[SourceTitle "Ajedrez en Madrid"]
[Source "lmi"]
[SourceDate "2018.09.24"]
[WhiteTeam "Jamaica"]
[BlackTeam "Kosovo"]
[WhiteTeamCountry "JAM"]
[BlackTeamCountry "KOS"]

1. c4 e5 2. Nc3 Nf6 3. Nf3 Nc6 4. g3 d5 5. cxd5 Nxd5 6. Bg2 Nb6 7. O-O Be7 8.
a3 O-O 9. b4 Be6 10. d3 a6 11. Bb2 Kh8 12. Rc1 Bd6 13. Ne4 Rc8 14. Nc5 Bxc5 15.
Rxc5 f6 16. Nd2 Bd5 17. Bxd5 Nxd5 18. Qb3 Nde7 19. Qc4 Nd4 20. Bxd4 b6 21. Rxe5
fxe5 22. Bxe5 b5 23. Qe4 Ng6 24. Bb2 Qe7 25. Qd4 Qf6 26. Ne4 Qxd4 27. Bxd4 c6
28. Rc1 Rfd8 29. Bb2 Rc7 30. f3 Ra8 31. Bd4 Ne7 32. Be5 Rcc8 33. Nd6 Rf8 34.
Nb7 Ra7 35. Na5 Rc8 36. Kf2 Kg8 37. Rc5 Kf7 38. Bd4 Raa8 39. Nb3 g6 40. Re5 Nf5
41. Bb2 Rd8 42. g4 Ne7 43. Na5 Rd5 44. Re4 c5 45. Bc3 Rc8 46. Rf4+ Ke8 47. Rf6
Ra8 48. h4 h5 49. bxc5 Rxc5 50. Bb4 Rd5 51. Nc6 Nxc6 52. Rf8+ Kd7 53. Rxa8 Nxb4
54. axb4 hxg4 55. Rxa6 gxf3 56. Rxg6 Rd4 57. h5 Rxb4 58. h6 Rh4 59. Rb6 fxe2
60. Kxe2 Kc7 61. Rxb5 Rxh6 62. Rf5 Rh7 63. d4 Kd6 64. Kd3 Rh1 65. Rf6+ Kd5 66.
Rf5+ Kd6 67. Rf6+ Kd5 68. Rf5+ Kd6 69. Ra5 Rd1+ 70. Ke3 Re1+ 71. Kd3 Rd1+ 72.
Kc3 Rc1+ 73. Kd2 Rg1 74. Ke3 Re1+ 75. Kf2 Rd1 76. Ra8 Rxd4 77. Rd8+ Kc5 78.
Rxd4 Kxd4 1/2-1/2

[Event "43. Olimpiada Batumi 2018 Femenina"]
[Site "Batumi GEO"]
[Date "2018.10.03"]
[Round "9.1"]
[White "Mendez Tovar, Yessica Yissel"]
[Black "Girmay, Feven Gebremeskel"]
[Result "1-0"]
[WhiteElo "2126"]
[BlackElo "1483"]
[PlyCount "96"]
[EventDate "2018.09.24"]
[EventType "team-swiss"]
[EventRounds "11"]
[EventCountry "GEO"]
[SourceTitle "Ajedrez en Madrid"]
[Source "lmi"]
[SourceDate "2018.09.24"]
[WhiteTeam "Mexico"]
[BlackTeam "Ethiopia"]
[WhiteTeamCountry "MEX"]
[BlackTeamCountry "ETH"]

1. d4 d5 2. c4 e6 3. Nc3 Nf6 4. e3 c5 5. Nf3 Nc6 6. Bd3 dxc4 7. Bxc4 cxd4 8.
exd4 Bb4 9. O-O O-O 10. Bg5 h6 11. Bh4 Be7 12. Re1 Re8 13. Qd2 a6 14. Rad1 b5
15. Bd3 Nb4 16. Bb1 Nbd5 17. Nxd5 Nxd5 18. Bxe7 Qxe7 19. Qd3 Qf6 20. Ne5 Qf5
21. Qf1 Qg5 22. Rd3 Bb7 23. Rg3 Qe7 24. Qd3 Nf6 25. Ng4 Kf8 26. Ne5 Rac8 27.
Qe3 Nd5 28. Qf3 Nf6 29. Qf4 Qb4 30. Rf1 Qe7 31. Bg6 Qd6 32. Bxf7 Red8 33. h3
Qxd4 34. Qxd4 Rxd4 35. Bxe6 Be4 36. Bxc8 Nh5 37. Re3 a5 38. Rfe1 Bh7 39. Rf3+
Nf6 40. Nd7+ Kf7 41. Nxf6 gxf6 42. Bf5 Bxf5 43. Rxf5 Rb4 44. b3 a4 45. Re3 Kg6
46. Rd5 f5 47. a3 Rxb3 48. Rxb3 axb3 1-0

[Event "43. Olimpiada Batumi 2018 Femenina"]
[Site "Batumi GEO"]
[Date "2018.10.03"]
[Round "9.2"]
[White "Haile, Lidet Abate"]
[Black "Fuentes Godoy, Lilia Ivonne"]
[Result "0-1"]
[WhiteElo "1544"]
[BlackElo "2079"]
[PlyCount "116"]
[EventDate "2018.09.24"]
[EventType "team-swiss"]
[EventRounds "11"]
[EventCountry "GEO"]
[SourceTitle "Ajedrez en Madrid"]
[Source "lmi"]
[SourceDate "2018.09.24"]
[WhiteTeam "Ethiopia"]
[BlackTeam "Mexico"]
[WhiteTeamCountry "ETH"]
[BlackTeamCountry "MEX"]

1. e4 c6 2. Nf3 d5 3. exd5 cxd5 4. d4 Nc6 5. Bd3 Bg4 6. c3 Nf6 7. h3 Bh5 8. O-O
e6 9. Re1 Be7 10. Be2 O-O 11. Nbd2 Qc7 12. Nf1 Bd6 13. Bg5 Ne4 14. Be3 Ne7 15.
N3d2 Bg6 16. Nxe4 Bxe4 17. Bf3 Bg6 18. Bh5 b5 19. a3 a5 20. Bxg6 Nxg6 21. Rc1
Qb7 22. b4 axb4 23. axb4 Rfc8 24. Qb3 Rc6 25. Ra1 Rca6 26. Rxa6 Qxa6 27. Rc1
Kf8 28. Qc2 Rc8 29. Qd3 h6 30. Qd2 Qa3 31. Ng3 Ke8 32. Nh5 Bf8 33. f4 f5 34.
Qe1 Kf7 35. Bd2 Ra8 36. Qe3 Bd6 37. Re1 Nf8 38. g4 g6 39. Ng3 Qb2 40. gxf5 gxf5
41. Qe2 Ra2 42. Be3 Qxc3 43. Qh5+ Ng6 44. Bf2 Ra1 45. Rxa1 Qxa1+ 46. Kg2 Kg7
47. Nxf5+ exf5 48. Qxf5 Nxf4+ 49. Kh2 Ng6+ 50. Kg2 Qc3 51. Qd7+ Be7 52. h4 Qd2
53. Qg4 h5 54. Qd7 Nxh4+ 55. Kf1 Qd1+ 56. Be1 Qd3+ 57. Kg1 Qxd4+ 58. Kh2 Qe5+
0-1

[Event "43. Olimpiada Batumi 2018 Femenina"]
[Site "Batumi GEO"]
[Date "2018.10.03"]
[Round "9.3"]
[White "Real Pereyra, Diana Carime"]
[Black "Eshete, Ruth Leykun"]
[Result "1-0"]
[WhiteElo "2110"]
[BlackElo "1508"]
[PlyCount "103"]
[EventDate "2018.09.24"]
[EventType "team-swiss"]
[EventRounds "11"]
[EventCountry "GEO"]
[SourceTitle "Ajedrez en Madrid"]
[Source "lmi"]
[SourceDate "2018.09.24"]
[WhiteTeam "Mexico"]
[BlackTeam "Ethiopia"]
[WhiteTeamCountry "MEX"]
[BlackTeamCountry "ETH"]

1. e4 e5 2. Nf3 Nc6 3. Bb5 d6 4. O-O Bd7 5. c3 Nf6 6. Re1 Be7 7. d4 a6 8. Ba4
O-O 9. d5 Na7 10. Bc2 c6 11. Nxe5 dxe5 12. d6 Bg4 13. dxe7 Qxe7 14. Qd3 h6 15.
Qg3 Kh7 16. Nd2 Bh5 17. Nc4 Rfe8 18. Ne3 Bg6 19. Nf5 Qe6 20. Qh4 Ng8 21. Bg5 f6
22. Be3 Nc8 23. Red1 Nce7 24. Nd6 Reb8 25. Bb3 Qd7 26. Nc4 Qe8 27. Nb6 Bf7 28.
Bxf7 Qxf7 29. Nxa8 Rxa8 30. f3 Ng6 31. Qh3 Nf8 32. Rd6 Qc4 33. Qg3 Ne7 34. Qe1
Qf7 35. Qd1 f5 36. Rd8 Rxd8 37. Qxd8 Neg6 38. Qc8 fxe4 39. fxe4 Qc4 40. Qf5 Qe2
41. Qf2 Qc4 42. Qc2 Nd7 43. b3 Qe6 44. Re1 Nf6 45. Bc1 Qg4 46. h3 Qe6 47. Qd3
Nh5 48. Rf1 Nh4 49. Kh2 Qg6 50. g3 Nf4 51. Bxf4 exf4 52. gxh4 1-0

[Event "43. Olimpiada Batumi 2018 Femenina"]
[Site "Batumi GEO"]
[Date "2018.10.03"]
[Round "9.4"]
[White "Gebratsadik, Merhawit Brhane"]
[Black "Garcia Morales, Ivette Ale"]
[Result "0-1"]
[WhiteElo "1408"]
[BlackElo "2013"]
[PlyCount "86"]
[EventDate "2018.09.24"]
[EventType "team-swiss"]
[EventRounds "11"]
[EventCountry "GEO"]
[SourceTitle "Ajedrez en Madrid"]
[Source "lmi"]
[SourceDate "2018.09.24"]
[WhiteTeam "Ethiopia"]
[BlackTeam "Mexico"]
[WhiteTeamCountry "ETH"]
[BlackTeamCountry "MEX"]

1. d4 e6 2. e4 d5 3. e5 c5 4. c3 Nc6 5. Nf3 Bd7 6. a3 Qb6 7. b4 cxd4 8. cxd4
Nge7 9. Bb2 Nf5 10. Be2 Na5 11. Nc3 Rc8 12. Na4 Qc6 13. Nc5 Nc4 14. Bxc4 dxc4
15. Nxd7 Qxd7 16. Rc1 Be7 17. O-O O-O 18. Qe2 b5 19. Rfd1 Rfd8 20. Qe4 a5 21.
Bc3 Bf8 22. Qg4 Ne7 23. Bd2 Nd5 24. Bg5 Re8 25. Rb1 axb4 26. axb4 c3 27. Rbc1
Nxb4 28. Qe4 Qd5 29. Qe1 Na2 30. Rc2 b4 31. Rd3 b3 32. Rcxc3 Nxc3 33. Rxc3 Rxc3
34. Qxc3 Rb8 35. Bc1 Qe4 36. Kf1 Qb7 37. Bb2 Rc8 38. Qd3 Rc2 39. Ng5 g6 40. Bc3
Rxc3 41. Qxc3 b2 42. Ke2 b1=Q 43. f4 Qxg2+ 0-1

[Event "43. Olimpiada Batumi 2018 Femenina"]
[Site "Batumi GEO"]
[Date "2018.10.03"]
[Round "9.1"]
[White "Ortez, Andrea"]
[Black "Mucha, Annegret"]
[Result "1-0"]
[WhiteElo "1772"]
[BlackElo "2044"]
[PlyCount "59"]
[EventDate "2018.09.24"]
[EventType "team-swiss"]
[EventRounds "11"]
[EventCountry "GEO"]
[SourceTitle "Ajedrez en Madrid"]
[Source "lmi"]
[SourceDate "2018.09.24"]
[WhiteTeam "El Salvador"]
[BlackTeam "ICCD"]
[WhiteTeamCountry "ESA"]

1. e4 c5 2. Nf3 Nc6 3. d4 cxd4 4. Nxd4 Nf6 5. Nc3 g6 6. g3 Bg7 7. Nde2 O-O 8.
Bg2 d6 9. O-O Ne5 10. h3 Nc4 11. b3 Nb6 12. Be3 e6 13. a4 a5 14. Nb5 Ne8 15.
Ra2 f5 16. c4 fxe4 17. Bxe4 d5 18. Bg2 Nf6 19. Rd2 Bd7 20. Nec3 Ra6 21. Bc5 Rf7
22. Nd6 Qc7 23. Nxf7 Qxc5 24. Ne5 Be8 25. Nd3 Qe7 26. cxd5 exd5 27. Nf4 Bf7 28.
Ncxd5 Nbxd5 29. Nxd5 Nxd5 30. Bxd5 1-0

[Event "43. Olimpiada Batumi 2018 Femenina"]
[Site "Batumi GEO"]
[Date "2018.10.03"]
[Round "9.2"]
[White "Gerasimova, Olga"]
[Black "Hernandez, Bera"]
[Result "1-0"]
[WhiteElo "2010"]
[BlackElo "1778"]
[PlyCount "87"]
[EventDate "2018.09.24"]
[EventType "team-swiss"]
[EventRounds "11"]
[EventCountry "GEO"]
[SourceTitle "Ajedrez en Madrid"]
[Source "lmi"]
[SourceDate "2018.09.24"]
[WhiteTeam "ICCD"]
[BlackTeam "El Salvador"]
[BlackTeamCountry "ESA"]

1. e4 e5 2. Nf3 Nc6 3. Bb5 a6 4. Ba4 Nf6 5. O-O b5 6. Bb3 Bc5 7. d3 d6 8. h3
Bb6 9. c3 h6 10. Re1 O-O 11. a4 Rb8 12. Nbd2 Ne7 13. Nf1 c6 14. Ng3 Ng6 15. Qc2
Nh7 16. d4 Ng5 17. Nxg5 hxg5 18. Be3 g4 19. hxg4 Bxg4 20. Qd2 exd4 21. Bxd4 c5
22. Be3 Be6 23. Bd5 Ne5 24. axb5 axb5 25. Bg5 Qd7 26. Rad1 Bg4 27. Ra1 Kh7 28.
b3 Rh8 29. c4 Kg8 30. Qe3 Kf8 31. Bf4 Ng6 32. Ne2 Nh4 33. Qg3 Rd8 34. Nc3 Nf3+
35. gxf3 Be6 36. Kf1 Rh3 37. Bxe6 Qxe6 38. Qg2 bxc4 39. Nd5 cxb3 40. Nxb6 c4
41. Nd5 Qc8 42. Kg1 g6 43. Nb6 Qe6 44. Nxc4 1-0

[Event "43. Olimpiada Batumi 2018 Femenina"]
[Site "Batumi GEO"]
[Date "2018.10.03"]
[Round "9.3"]
[White "Santos, Judith"]
[Black "Lagutina, Olga"]
[Result "1-0"]
[WhiteElo "1702"]
[BlackElo "1948"]
[PlyCount "99"]
[EventDate "2018.09.24"]
[EventType "team-swiss"]
[EventRounds "11"]
[EventCountry "GEO"]
[SourceTitle "Ajedrez en Madrid"]
[Source "lmi"]
[SourceDate "2018.09.24"]
[WhiteTeam "El Salvador"]
[BlackTeam "ICCD"]
[WhiteTeamCountry "ESA"]

1. e4 c5 2. Nf3 d6 3. d4 cxd4 4. Qxd4 Nc6 5. Bb5 Bd7 6. Bxc6 Bxc6 7. c4 Nf6 8.
Nc3 g6 9. O-O Bg7 10. Bg5 O-O 11. Qd3 Rc8 12. b3 a6 13. a4 h6 14. Be3 Qc7 15.
h3 b6 16. Nd4 Bd7 17. Rac1 Qb7 18. Rfd1 Kh7 19. f3 Rfd8 20. Bf2 Be8 21. Qe3 Nd7
22. Rb1 Nc5 23. Nd5 e6 24. Nc3 Rb8 25. Bg3 Rbc8 26. Nde2 Bf8 27. h4 Bc6 28. Kh2
b5 29. cxb5 axb5 30. axb5 Bxb5 31. Nd4 Be8 32. b4 Na4 33. Nxa4 Bxa4 34. Rd2 Bb5
35. Nb3 d5 36. Nc5 Qc6 37. Qf4 Kg7 38. e5 Bxc5 39. Qf6+ Kg8 40. bxc5 Qxc5 41.
Bf4 Kh7 42. Qxf7+ Kh8 43. Bxh6 Rg8 44. Bg5 Rc7 45. Bf6+ Rg7 46. Bxg7+ Kh7 47.
Bf8+ Rxf7 48. Bxc5 Bc4 49. Rb6 Rc7 50. Bd4 1-0

[Event "43. Olimpiada Batumi 2018 Femenina"]
[Site "Batumi GEO"]
[Date "2018.10.03"]
[Round "9.4"]
[White "Myronenko, Natalya"]
[Black "Zavala Galindo, Alejandra Beatri"]
[Result "1/2-1/2"]
[WhiteElo "1919"]
[BlackElo "1713"]
[PlyCount "69"]
[EventDate "2018.09.24"]
[EventType "team-swiss"]
[EventRounds "11"]
[EventCountry "GEO"]
[SourceTitle "Ajedrez en Madrid"]
[Source "lmi"]
[SourceDate "2018.09.24"]
[WhiteTeam "ICCD"]
[BlackTeam "El Salvador"]
[BlackTeamCountry "ESA"]

1. e4 c5 2. Nf3 d6 3. d4 cxd4 4. Nxd4 Nf6 5. Nc3 Nc6 6. Be2 e5 7. Nf3 Be6 8.
Ng5 Be7 9. Nxe6 fxe6 10. O-O O-O 11. Bc4 Qd7 12. Bb3 Nd4 13. f4 Nxb3 14. axb3
Qc6 15. Qe2 a6 16. Bd2 Rac8 17. Rae1 b5 18. fxe5 dxe5 19. Bg5 h6 20. Bxf6 Bxf6
21. Qg4 Kh8 22. Re2 Qb6+ 23. Kh1 Bh4 24. Rf3 Rxf3 25. gxf3 Bf6 26. Kg2 Rd8 27.
Kh3 b4 28. Na4 Qb5 29. Rg2 Qf1 30. Nc5 Rd2 31. Nxe6 Rf2 32. Nd4 exd4 33. Qc8+
Kh7 34. Qf5+ Kh8 35. Qc8+ 1/2-1/2

[Event "43. Olimpiada Batumi 2018 Femenina"]
[Site "Batumi GEO"]
[Date "2018.10.03"]
[Round "9.1"]
[White "Cruz, Bitia"]
[Black "Wakuruwarewa, Colletta"]
[Result "1-0"]
[WhiteElo "1702"]
[BlackElo "1577"]
[PlyCount "57"]
[EventDate "2018.09.24"]
[EventType "team-swiss"]
[EventRounds "11"]
[EventCountry "GEO"]
[SourceTitle "Ajedrez en Madrid"]
[Source "lmi"]
[SourceDate "2018.09.24"]
[WhiteTeam "Honduras"]
[BlackTeam "Zimbabwe"]
[WhiteTeamCountry "HON"]
[BlackTeamCountry "ZIM"]

1. e4 e6 2. d4 d5 3. Nd2 Nf6 4. e5 Nfd7 5. Bd3 c5 6. c3 Nc6 7. Ngf3 Qb6 8. O-O
cxd4 9. cxd4 Nxd4 10. Nxd4 Qxd4 11. Nf3 Qb6 12. Qa4 Qb4 13. Qc2 g6 14. Bd2 Qc5
15. Qa4 Bg7 16. Rfc1 Qb6 17. Ba5 Qxb2 18. Rab1 Qxb1 19. Bxb1 O-O 20. h4 Nxe5
21. Nxe5 Bxe5 22. Bc3 Bxc3 23. Rxc3 e5 24. Rc7 a6 25. Qd1 Rd8 26. Qf3 Be6 27.
Qf6 e4 28. h5 g5 29. h6 1-0

[Event "43. Olimpiada Batumi 2018 Femenina"]
[Site "Batumi GEO"]
[Date "2018.10.03"]
[Round "9.2"]
[White "Makwena, Christine"]
[Black "Ortiz, Katherine Berenice"]
[Result "1/2-1/2"]
[WhiteElo "1626"]
[BlackElo "1822"]
[PlyCount "54"]
[EventDate "2018.09.24"]
[EventType "team-swiss"]
[EventRounds "11"]
[EventCountry "GEO"]
[SourceTitle "Ajedrez en Madrid"]
[Source "lmi"]
[SourceDate "2018.09.24"]
[WhiteTeam "Zimbabwe"]
[BlackTeam "Honduras"]
[WhiteTeamCountry "ZIM"]
[BlackTeamCountry "HON"]

1. d4 Nf6 2. c4 e5 3. dxe5 Ng4 4. Nf3 Nc6 5. e6 Bb4+ 6. Nc3 dxe6 7. Qxd8+ Nxd8
8. Bd2 a6 9. e3 O-O 10. Be2 Nc6 11. O-O Nf6 12. Rfd1 Bd6 13. a3 Ne7 14. e4 Ng6
15. Bg5 b6 16. Ne1 Bb7 17. f3 Nf4 18. Bf1 Rad8 19. Nd3 Nxd3 20. Bxd3 Be5 21.
Be2 h6 22. Bh4 g5 23. Bg3 Bd4+ 24. Bf2 Be5 25. Bg3 Bd4+ 26. Bf2 Be5 27. Bg3
Bd4+ 1/2-1/2

[Event "43. Olimpiada Batumi 2018 Femenina"]
[Site "Batumi GEO"]
[Date "2018.10.03"]
[Round "9.3"]
[White "Garcia, Marcella"]
[Black "Zengeni, Paidaishe"]
[Result "1/2-1/2"]
[WhiteElo "1755"]
[BlackElo "1528"]
[PlyCount "64"]
[EventDate "2018.09.24"]
[EventType "team-swiss"]
[EventRounds "11"]
[EventCountry "GEO"]
[SourceTitle "Ajedrez en Madrid"]
[Source "lmi"]
[SourceDate "2018.09.24"]
[WhiteTeam "Honduras"]
[BlackTeam "Zimbabwe"]
[WhiteTeamCountry "HON"]
[BlackTeamCountry "ZIM"]

1. e4 d5 2. exd5 Qxd5 3. Nc3 Qd8 4. Nf3 Nf6 5. d4 e6 6. a3 c5 7. Be2 cxd4 8.
Qxd4 Qxd4 9. Nxd4 Bc5 10. Nb3 Bb6 11. Bf4 Bd7 12. Bd6 Bc6 13. Bb5 Bxb5 14. Nxb5
Nbd7 15. Bc7 O-O 16. Bxb6 Nxb6 17. Nd6 Na4 18. Rb1 b6 19. O-O Rfd8 20. Nc4 Rac8
21. Ne3 Nd5 22. Rfd1 Nxe3 23. Rxd8+ Rxd8 24. fxe3 e5 25. Kf2 f6 26. Ke2 Kf7 27.
Nd2 Ke6 28. e4 g6 29. g4 Rh8 30. Nf3 h5 31. g5 h4 32. gxf6 Kxf6 1/2-1/2

[Event "43. Olimpiada Batumi 2018 Femenina"]
[Site "Batumi GEO"]
[Date "2018.10.03"]
[Round "9.4"]
[White "Nomalungelo, Mathe"]
[Black "Garcia, Andrea Nicole"]
[Result "1-0"]
[WhiteElo "1577"]
[BlackElo "1698"]
[PlyCount "137"]
[EventDate "2018.09.24"]
[EventType "team-swiss"]
[EventRounds "11"]
[EventCountry "GEO"]
[SourceTitle "Ajedrez en Madrid"]
[Source "lmi"]
[SourceDate "2018.09.24"]
[WhiteTeam "Zimbabwe"]
[BlackTeam "Honduras"]
[WhiteTeamCountry "ZIM"]
[BlackTeamCountry "HON"]

1. d4 d5 2. Nf3 Nf6 3. Bf4 e6 4. Nbd2 c5 5. e3 Bd6 6. Bxd6 Qxd6 7. c3 Nc6 8.
Bd3 O-O 9. O-O e5 10. dxe5 Nxe5 11. Nxe5 Qxe5 12. Nf3 Qh5 13. Be2 Qf5 14. Qd3
Qxd3 15. Bxd3 b6 16. Rfd1 Bg4 17. Be2 Rad8 18. h3 Be6 19. Bd3 h6 20. Bc2 Nd7
21. Bb3 c4 22. Bc2 Nf6 23. Nd4 Rd6 24. f3 a6 25. Rd2 b5 26. Rad1 Rb8 27. Nxe6
Rxe6 28. Kf2 b4 29. cxb4 Rxb4 30. b3 g5 31. Rd4 Rbb6 32. bxc4 dxc4 33. R4d2 c3
34. Re2 Rb2 35. Bb3 Rxe2+ 36. Kxe2 Re7 37. Rc1 Rc7 38. Kd3 Rd7+ 39. Kxc3 Nd5+
40. Bxd5 Rxd5 41. Rc2 Kf8 42. Rd2 Ra5 43. e4 Ke7 44. Kb4 Rb5+ 45. Kc4 Ra5 46.
Kb3 Rb5+ 47. Kc3 Ra5 48. Kc4 Ke6 49. Rb2 Ke5 50. Rc2 Rb5 51. a4 Rb6 52. Kc5 Re6
53. Rd2 Kf4 54. Rd6 Re5+ 55. Kb6 a5 56. Rd5 Re8 57. Kxa5 Ra8+ 58. Kb4 Kg3 59.
Rd2 Rb8+ 60. Kc5 Rb1 61. Ra2 Rc1+ 62. Kd6 Kf4 63. a5 f5 64. exf5 Kxf5 65. a6
Rd1+ 66. Kc5 Rc1+ 67. Kb5 Rb1+ 68. Ka5 Re1 69. a7 1-0

[Event "43. Olimpiada Batumi 2018 Femenina"]
[Site "Batumi GEO"]
[Date "2018.10.03"]
[Round "9.1"]
[White "dos Ramos, Rosangela"]
[Black "Mena, Ailen Oriana"]
[Result "1-0"]
[WhiteElo "1788"]
[BlackElo "1884"]
[PlyCount "115"]
[EventDate "2018.09.24"]
[EventType "team-swiss"]
[EventRounds "11"]
[EventCountry "GEO"]
[SourceTitle "Ajedrez en Madrid"]
[Source "lmi"]
[SourceDate "2018.09.24"]
[WhiteTeam "Surinam"]
[BlackTeam "Netherlands Antilles"]
[WhiteTeamCountry "SUR"]
[BlackTeamCountry "AHO"]

1. Nf3 d5 2. g3 Nf6 3. Bg2 e6 4. d3 Be7 5. O-O c5 6. Nbd2 Nc6 7. c3 O-O 8. Qc2
a6 9. a4 b6 10. e4 Bb7 11. Re1 Qc7 12. b3 Rfc8 13. exd5 Nxd5 14. Nc4 Bf6 15.
Bb2 b5 16. Ne3 Nxe3 17. fxe3 Ne7 18. c4 Bxb2 19. Qxb2 bxc4 20. bxc4 Rab8 21.
Qc3 Nf5 22. e4 Ne7 23. Re2 Nc6 24. Rf2 h6 25. Bh3 Rd8 26. Raf1 Rd7 27. Kh1 Rbd8
28. Rd1 a5 29. Kg1 Re7 30. Rdd2 Nb4 31. Ne5 Qd6 32. Rf1 Qd4+ 33. Qxd4 Rxd4 34.
Rxf7 Rxf7 35. Bxe6 Nxd3 36. Bxf7+ Kf8 37. Rxd3 Rxd3 38. Nxd3 Kxf7 39. Nxc5 Bc6
40. Kf2 Kf6 41. Ke3 Ke5 42. Nd3+ Kd6 43. e5+ Ke6 44. Kd4 g5 45. Nc5+ Kf5 46.
Nb3 Bxa4 47. Nxa5 Ke6 48. c5 Bd7 49. c6 Be8 50. Nb7 Ke7 51. c7 Bd7 52. Nd6 Be6
53. c8=Q Bxc8 54. Nxc8+ Ke6 55. Nd6 g4 56. Ne4 Kf5 57. Kd5 h5 58. e6 1-0

[Event "43. Olimpiada Batumi 2018 Femenina"]
[Site "Batumi GEO"]
[Date "2018.10.03"]
[Round "9.2"]
[White "Sanchez, Mariana"]
[Black "Tjong Tjin Joe, Kaithlyn"]
[Result "1-0"]
[WhiteElo "1505"]
[BlackElo "1683"]
[PlyCount "79"]
[EventDate "2018.09.24"]
[EventType "team-swiss"]
[EventRounds "11"]
[EventCountry "GEO"]
[SourceTitle "Ajedrez en Madrid"]
[Source "lmi"]
[SourceDate "2018.09.24"]
[WhiteTeam "Netherlands Antilles"]
[BlackTeam "Surinam"]
[WhiteTeamCountry "AHO"]
[BlackTeamCountry "SUR"]

1. e4 e5 2. Nf3 Nc6 3. Bb5 a6 4. Bxc6 dxc6 5. O-O Bd6 6. d4 Bg4 7. c3 Nf6 8.
Bg5 h6 9. Bxf6 Qxf6 10. Nbd2 O-O 11. Qb3 Rab8 12. h3 Be6 13. Qc2 Rbd8 14. Rfe1
Rfe8 15. a3 c5 16. d5 Bd7 17. c4 Kh8 18. Qc3 Qg6 19. Nf1 Qf6 20. Ng3 Rg8 21.
Re3 g5 22. Nh5 Qe7 23. Qd2 f6 24. Nh2 Qf7 25. g4 Be8 26. Rf3 Be7 27. Nf1 Rd6
28. Nfg3 Qh7 29. Nf5 Rb6 30. d6 cxd6 31. Nxe7 Qxe7 32. Rxf6 Rg6 33. Rxg6 Bxg6
34. Ng3 Qf7 35. Qc3 Rc6 36. Rd1 Kg7 37. b3 h5 38. gxh5 Bxh5 39. Nf5+ Kg8 40.
Nh6+ 1-0

[Event "43. Olimpiada Batumi 2018 Femenina"]
[Site "Batumi GEO"]
[Date "2018.10.03"]
[Round "9.3"]
[White "Kaslan, Catherine"]
[Black "Marcos, Taqesyah"]
[Result "1-0"]
[WhiteElo "1735"]
[BlackElo "1583"]
[PlyCount "95"]
[EventDate "2018.09.24"]
[EventType "team-swiss"]
[EventRounds "11"]
[EventCountry "GEO"]
[SourceTitle "Ajedrez en Madrid"]
[Source "lmi"]
[SourceDate "2018.09.24"]
[WhiteTeam "Surinam"]
[BlackTeam "Netherlands Antilles"]
[WhiteTeamCountry "SUR"]
[BlackTeamCountry "AHO"]

1. e4 e5 2. Nf3 Nf6 3. d4 exd4 4. e5 Bb4+ 5. c3 dxc3 6. bxc3 Be7 7. exf6 Bxf6
8. Bd3 O-O 9. O-O b6 10. Qc2 g6 11. Bh6 Re8 12. Nbd2 Bb7 13. Rfe1 d6 14. Ne4
Bh8 15. Bg5 Qc8 16. Nf6+ Bxf6 17. Bxf6 Nd7 18. Bh4 Bxf3 19. gxf3 Ne5 20. Be4 c6
21. Bg3 Nc4 22. Bd3 Ne5 23. Bxe5 dxe5 24. Be4 Qe6 25. Qb3 Qf6 26. Rad1 Re7 27.
Rd3 Rc8 28. Red1 Rec7 29. Rd6 Qe7 30. Qc4 Qe8 31. a4 Kg7 32. Bc2 Qe7 33. Bb3 h5
34. Qd3 Qg5+ 35. Kh1 Re7 36. Rg1 Qh4 37. Rg2 Qf4 38. Qe3 Qf5 39. Rg1 e4 40. f4
Rce8 41. Rg5 Qc8 42. f5 Rc7 43. fxg6 f6 44. Rxh5 Rh8 45. Rh7+ Rxh7 46. gxh7
Kxh7 47. Rxf6 Kh8 48. Qh6+ 1-0